| 000 | 00690 a2200193 4500 | ||
|---|---|---|---|
| 010 | _aENG-89577 | ||
| 020 | _c275.00 | ||
| 035 | _aEN-73110 | ||
| 037 | _bDBAD / PUB | ||
| 082 | 1 | 4 | _a510.2465 |
| 090 |
_c11185 _d11185 |
||
| 100 | 1 | _aSingh, J.K. | |
| 245 | 1 |
_aBusiness mathematics/ _cby J.K. Singh |
|
| 260 |
_aNew Delhi _bHimalaya Publishing House _c2007 |
||
| 270 |
_a"Pooja Apartments", 4-B, Murari Lal Street, Ansari Road, Darya Ganj, _bNew Delhi _e110 002 _cDelhi _k23270392, 23278631 _l23243030 |
||
| 300 |
_avarious pagings: _c23cm ( pbk) |
||
| 942 |
_adpl _cEN _k 510.2465/ SIN |
||
| 999 |
_c10879 _d10879 |
||